000 00299nam a2200145Ia 4500
100 _aKoparkar/Pramod
942 _cBK
654 _aunix
245 _aUnix for you
260 _bTata Mc Graw hill
_aNew Delhi
_c1991
082 _a005.13U
_bKOP
300 _a128
546 _aENGLISH
999 _c22522
_d22522